Podtatranský stavbár časopis pracujúcich Pozemných stavieb, Poprad

Podrobná bibliografia
Predchádzajúci názov:Východoslovenský stavbár
Médium: Časopis
Jazyk:slovenčina
Fyzický popis:28 zv. 43-46 cm
Vydavateľské údaje: Poprad CZV KSS, ZO KSS, ZV ROH, ZO ČSM a Pozemné stavby 1963-1990
Poprad Pozemné stavby
Predmet:

MARC

LEADER 00000cas a2200000 a 4500
001 vtls001272285
003 SK-MaSNL
005 20260228163654.0
008 970117d19631990xo er|p 0 0b0slo
035 |a SNK000223421 
040 |a SNK  |b slo  |c SNK  |e AACR2 
041 0 |a slo 
044 |a xo  |c SK 
072 7 |a 69  |x Stavebníctvo  |2 konspekt 
080 |a 69  |2 2001 
080 |a 050  |2 2001 
245 0 0 |a Podtatranský stavbár  |b časopis pracujúcich Pozemných stavieb, Poprad 
260 |a Poprad  |b CZV KSS, ZO KSS, ZV ROH, ZO ČSM a Pozemné stavby  |c 1963-1990 
260 3 |3 26/1989-17/1990  |a Poprad  |b Pozemné stavby 
300 |a 28 zv.  |c 43-46 cm 
310 |a 26x ročne  |b 1968-1990 
321 |a 1x týždenne  |b 1964-1967 
321 |a 26x ročne  |b 1963 
362 0 |a Roč. 1, č. 1 (1963)-roč. 27, č. 17 (1990) 
500 |a Od č. 3/1965 rozmer zv. 46 cm 
500 |a Vydavatelia sa menia 
500 |a Redaktori sa menia 
500 |a Podnázvy sa menia 
515 |a Roky 1967 a 1968 majú označenie roč. 5 
580 |a Časopis "Podtatranský stavbár" vznikol oddelením od časopisu "Východoslovenský stavbár". 
650 0 7 |a stavebníctvo  |2 SNKPH  |9 726 
655 7 |a podnikové periodiká  |2 SNKPH  |9 132333 
780 0 7 |t Východoslovenský stavbár  |w vtls010264431 
910 |a snk 
916 |a 1963-1990 
958 |a OND 
999 |c 10173  |d 12103 
952 |0 0  |1 0  |4 0  |7 0  |a SNK  |b SNK  |d 1997-01-17  |f 1  |i snkČSP 4418/91  |l 0  |o snkČSA 681/27/1990  |p 17A0030785  |r 2005-01-01 00:00:00  |t č. 1-17  |w 2026-02-21  |y PREZ 
952 |0 0  |1 0  |4 0  |7 0  |a SNK  |b SNK  |d 2015-06-11  |f 1  |i snkČSP 768/64  |l 0  |o snkČSA 681/1/1963  |p 17A0788374  |r 2026-02-21 21:45:28  |t č. 1-8  |w 2026-02-21  |y PREZ 
952 |0 0  |1 0  |4 0  |7 0  |a SNK  |b SNK  |d 2015-06-11  |f 1  |i snkČSP 252/76  |l 0  |o snkČSA 681/2/1964  |p 17A0788393  |r 2026-02-21 21:45:28  |t č. 1-49, neúpl.  |w 2026-02-21  |y PREZ  |z chýbajú č. 17 a 21 
952 |0 0  |1 0  |4 0  |7 0  |a SNK  |b SNK  |d 2015-06-11  |i snkČSP 253/76  |l 0  |o snkČSA 681/2/1964 D1  |p 17A1144707  |r 2026-02-21 21:45:28  |t č. 1-49, neúpl.  |w 2026-02-21  |y PREZ  |z chýbajú č. 1-6, 10, 12, 17, 18-19, 21-22, 25, 31-33, 35-38, 41, 46-47 
952 |0 0  |1 0  |4 0  |7 0  |a SNK  |b SNK  |d 2015-06-11  |f 1  |i snkČSP 855/67  |l 0  |o snkČSA 681/3/1965  |p 17A0788392  |r 2026-02-21 21:45:28  |t č. 1-51  |w 2026-02-21  |y PREZ  |z č. 27 bolo vynechané; č. 30 má poškodené stany 
952 |0 0  |1 0  |4 0  |7 0  |a SNK  |b SNK  |d 2015-06-11  |f 1  |i snkČSP 18/75  |l 0  |o snkČSA 681/4/1966  |p 17A0788407  |r 2026-02-21 21:45:31  |t č. 1-52  |w 2026-02-21  |y PREZ 
952 |0 0  |1 0  |4 0  |7 0  |a SNK  |b SNK  |d 2015-06-11  |f 1  |i snkČSP 17/75  |l 0  |o snkČSA 681/5/1967  |p 17A0788406  |r 2026-02-21 21:45:31  |t č. 1-4  |w 2026-02-21  |y PREZ  |z Označenie roč. 5 majú roky 1967 aj 1968 
952 |0 0  |1 0  |4 0  |7 0  |a SNK  |b SNK  |d 2015-06-11  |f 1  |i snkČSP 831/69  |l 0  |o snkČSA 681/5/1968  |p 17A0788405  |r 2026-02-21 21:45:31  |t č. 1-5  |w 2026-02-21  |y PREZ  |z Označenie roč. 5 majú roky 1967 aj 1968 
952 |0 0  |1 0  |4 0  |7 0  |a SNK  |b SNK  |d 2015-06-11  |f 1  |i snkČSP 371/70  |l 0  |o snkČSA 681/6/1969  |p 17A1144732  |r 2026-02-21 21:45:31  |t č. 1-24  |w 2026-02-21  |y PREZ 
952 |0 0  |1 0  |4 0  |7 0  |a SNK  |b SNK  |d 2015-06-11  |i snkČSP 372/70  |l 0  |o snkČSA 681/6/1969 D1  |p 17A0788410  |r 2026-02-21 21:45:32  |t č. 1-24  |w 2026-02-21  |y PREZ 
952 |0 0  |1 0  |4 0  |7 0  |a SNK  |b SNK  |d 2015-06-11  |f 1  |i snkČSP 518/71  |l 0  |o snkČSA 681/7/1970  |p 17A0788409  |r 2026-02-21 21:45:32  |t č. 1-26  |w 2026-02-21  |y PREZ 
952 |0 0  |1 0  |4 0  |7 0  |a SNK  |b SNK  |d 2015-06-11  |f 1  |i snkČSP 167/72  |l 0  |o snkČSA 681/8/1971  |p 17A0788408  |r 2026-02-21 21:45:32  |t č. 1-26  |w 2026-02-21  |y PREZ 
952 |0 0  |1 0  |4 0  |7 0  |a SNK  |b SNK  |d 2015-06-11  |f 1  |i snkČSP 511/73  |l 0  |o snkČSA 681/9/1972  |p 17A0788427  |r 2026-02-21 21:45:32  |t č. 1-26  |w 2026-02-21  |y PREZ 
952 |0 0  |1 0  |4 0  |7 0  |a SNK  |b SNK  |d 2015-06-11  |f 1  |i snkČSP 903/74  |l 0  |o snkČSA 681/10/1973  |p 17A0788381  |r 2026-02-21 21:45:32  |t č. 1-26  |w 2026-02-21  |y PREZ 
952 |0 0  |1 0  |4 0  |7 0  |a SNK  |b SNK  |d 2015-06-11  |f 1  |i snkČSP 724/75  |l 0  |o snkČSA 681/11/1974  |p 17A0788419  |r 2026-02-21 21:45:32  |t č. 1-26  |w 2026-02-21  |y PREZ 
952 |0 0  |1 0  |4 0  |7 0  |a SNK  |b SNK  |d 2015-06-11  |f 1  |i snkČSP 924/76  |l 0  |o snkČSA 681/12/1975  |p 17A0788363  |r 2026-02-21 21:45:32  |t č. 1-26  |w 2026-02-21  |y PREZ 
952 |0 0  |1 0  |4 0  |7 0  |a SNK  |b SNK  |d 2015-06-11  |f 1  |i snkČSP 411/77  |l 0  |o snkČSA 681/13/1976  |p 17A0788364  |r 2026-02-21 21:45:32  |t č. 1-26  |w 2026-02-21  |y PREZ 
952 |0 0  |1 0  |4 0  |7 0  |a SNK  |b SNK  |d 2015-06-11  |f 1  |i snkČSP 985/77  |l 0  |o snkČSA 681/14/1977  |p 17A0788365  |r 2026-02-21 21:45:32  |t č. 1-26  |w 2026-02-21  |y PREZ 
952 |0 0  |1 0  |4 0  |7 0  |a SNK  |b SNK  |d 2015-06-11  |i snkČSP 986/77  |l 0  |o snkČSA 681/14/1977 D1  |p 17A1144715  |r 2026-02-21 21:45:32  |t č. 1-26  |w 2026-02-21  |y PREZ 
952 |0 0  |1 0  |4 0  |7 0  |a SNK  |b SNK  |d 2015-06-11  |f 1  |i snkČSP 112/78  |l 0  |o snkČSA 681/15/1978  |p 17A0788361  |r 2026-02-21 21:45:32  |t č. 1-26  |w 2026-02-21  |y PREZ 
952 |0 0  |1 0  |4 0  |7 0  |a SNK  |b SNK  |d 2015-06-11  |f 1  |i snkČSP 24/80  |l 0  |o snkČSA 681/16/1979  |p 17A0788362  |r 2026-02-21 21:45:32  |t č. 1-26  |w 2026-02-21  |y PREZ 
952 |0 0  |1 0  |4 0  |7 0  |a SNK  |b SNK  |d 2015-06-11  |f 1  |i snkČSP 104/81  |l 0  |o snkČSA 681/17/1980  |p 17A0788357  |r 2026-02-21 21:45:32  |t č. 1-26  |w 2026-02-21  |y PREZ 
952 |0 0  |1 0  |4 0  |7 0  |a SNK  |b SNK  |d 2015-06-11  |f 1  |i snkČSP 621/82  |l 0  |o snkČSA 681/18/1981  |p 17A0790447  |r 2026-02-21 21:45:32  |t č. 1-26  |w 2026-02-21  |y PREZ 
952 |0 0  |1 0  |4 0  |7 0  |a SNK  |b SNK  |d 2015-06-11  |f 1  |i snkČSP 71/83  |l 0  |o snkČSA 681/19/1982  |p 17A0790583  |r 2026-02-21 21:45:32  |t č. 1-26  |w 2026-02-21  |y PREZ 
952 |0 0  |1 0  |4 0  |7 0  |a SNK  |b SNK  |d 2015-06-11  |f 1  |i snkČSP 92/84  |l 0  |o snkČSA 681/20/1983  |p 17A0790582  |r 2026-02-21 21:45:37  |t č. 1-26  |w 2026-02-21  |y PREZ 
952 |0 0  |1 0  |4 0  |7 0  |a SNK  |b SNK  |d 2015-06-11  |i snkČSP 93/84  |l 0  |o snkČSA 681/20/1983 D1  |p 17A1144716  |r 2026-02-21 21:45:37  |t č. 1-26  |w 2026-02-21  |y PREZ 
952 |0 0  |1 0  |4 0  |7 0  |a SNK  |b SNK  |d 2015-06-11  |f 1  |i snkČSP 375/85  |l 0  |o snkČSA 681/21/1984  |p 17A0790581  |r 2026-02-21 21:45:37  |t č. 1-26  |w 2026-02-21  |y PREZ 
952 |0 0  |1 0  |4 0  |7 0  |a SNK  |b SNK  |d 2015-06-11  |f 1  |i snkČSP 1291/86  |l 0  |o snkČSA 681/22/1985  |p 17A0790580  |r 2026-02-21 21:45:37  |t č. 1-26  |w 2026-02-21  |y PREZ 
952 |0 0  |1 0  |4 0  |7 0  |a SNK  |b SNK  |d 2015-06-11  |f 1  |i snkČSP 2047/87  |l 0  |o snkČSA 681/23/1986  |p 17A0790579  |r 2026-02-21 21:45:37  |t č. 1-26  |w 2026-02-21  |y PREZ 
952 |0 0  |1 0  |4 0  |7 0  |a SNK  |b SNK  |d 2015-06-11  |f 1  |i snkČSP 1167/88  |l 0  |o snkČSA 681/24/1987  |p 17A0790578  |r 2026-02-21 21:45:37  |t č. 1-26  |w 2026-02-21  |y PREZ 
952 |0 0  |1 0  |4 0  |7 0  |a SNK  |b SNK  |d 2015-06-11  |f 1  |i snkČSP 2527/90  |l 0  |o snkČSA 681/26/1989  |p 17A0790356  |r 2026-02-21 21:45:37  |t č. 1-26  |w 2026-02-21  |y PREZ 
952 |0 0  |1 0  |4 0  |7 0  |a SNK  |b SNK  |d 2015-06-12  |i snkČSP 334/76  |l 0  |o snkČSA 681/3/1965 D1  |p 17A1144731  |r 2026-02-21 21:45:42  |t č. 1-51, neúpl.  |w 2026-02-21  |y PREZ  |z Śú iba č. 1 a 2; č. 2 sa v čas. nachádza 3x 
952 |0 0  |1 0  |4 0  |7 0  |a SNK  |b SNK  |d 2015-06-12  |i snkČSP 1820/76  |l 0  |o snkČSA 681/4/1966 D1  |p 17A1144718  |r 2026-02-21 21:45:42  |t č. 1-52, neúpl.  |w 2026-02-21  |y PREZ  |z Sú iba č. 6 a 39 
952 |0 0  |1 0  |4 0  |7 0  |a SNK  |b SNK  |d 2015-06-12  |f 1  |i snkČSP 890/89  |l 0  |o snkČSA 681/25/1988  |p 17A1144717  |r 2026-02-21 21:45:42  |t č. 1-26  |w 2026-02-21  |y PREZ 
952 |0 0  |1 0  |4 0  |7 0  |a SNK  |b SNK  |d 2015-06-12  |i snkČSP 889/89  |l 0  |o snkČSA 681/25/1988 D1  |p 17A1144730  |r 2026-02-21 21:45:42  |t č. 1-26  |w 2026-02-21  |y PREZ